| 000 | 00571nam a2200145 a 4500 | ||
|---|---|---|---|
| 008 | 100707s2008 ||||||||||||||||| || u | ||
| 050 | _aBOZ(01) | ||
| 110 | _aBank Of Zambia (BOZ) | ||
| 245 | 1 | 0 | _aRegulation and supervision of Banks: frequently asked questions |
| 260 |
_aLusaka _bBank of Zambia (BOZ) _c2008 |
||
| 300 | _a8p. | ||
| 350 | _a0.00 | ||
| 650 | _aBANKS AND BANKING --ZAMBIA-- STATE SUPERVISION | ||
| 995 |
_D0.00 _FCBU-MAIN LIBRARY (Kitwe) _H1 _I0.00 _M1 _UAVAILABLE _WJul 22, 2010 _ZZambiana Collection |
||
| 999 |
_c55950 _d55950 |
||